Apuntamientos de como se deben reformar las doctrinas y la manera de enseñarlas para reducirlas a su antigua entereza y perfección, hechos a la magestad de Felipe II / (Record no. 19749)
[ view plain ]
| 000 -LEADER | |
|---|---|
| campo de control de longitud fija | 00903nam a2200205 i 4500 |
| 001 - NÚMERO DE CONTROL | |
| campo de control | 19749 |
| 003 - IDENTIFICADOR DE NÚMERO DE CONTROL | |
| campo de control | ES-MaACL |
| 005 - FECHA Y HORA DE LA ÚLTIMA TRANSACCIÓN | |
| campo de control | 20250829122928.0 |
| 007 - CAMPO FIJO DE DESCRIPCIÓN FÍSICA--INFORMACIÓN GENERAL | |
| campo de control de longitud fija | t| |
| 008 - DATOS DE LONGITUD FIJA--INFORMACIÓN GENERAL | |
| campo de control de longitud fija | 021010s1815 sp |||| | spa d |
| 100 1# - ENTRADA PRINCIPAL--NOMBRE DE PERSONA | |
| Nombre de persona | Abril, Pedro Simón, |
| Fechas asociadas al nombre | 1530?-1595? |
| 9 (RLIN) | 18170 |
| 245 10 - MENCIÓN DEL TÍTULO | |
| Título | Apuntamientos de como se deben reformar las doctrinas y la manera de enseñarlas para reducirlas a su antigua entereza y perfección, hechos a la magestad de Felipe II / |
| Mención de responsabilidad, etc. | por Pedro Simón Abril ; y ahora nuevamente publicados y añadidos con algunas observaciones y notas por José Clemente Carnicero. |
| 260 ## - PUBLICACIÓN, DISTRIBUCIÓN, ETC. | |
| Lugar de publicación, distribución, etc. | Madrid : |
| Nombre del editor, distribuidor, etc. | [s.n.], |
| Fecha de publicación, distribución, etc. | 1815 ( |
| Fabricante | Imp. de D.M. de Burgos) |
| 300 ## - DESCRIPCIÓN FÍSICA | |
| Extensión | 92 p. ; |
| Dimensiones | 14 cm. |
| 650 07 - PUNTO DE ACCESO ADICIONAL DE MATERIA--TÉRMINO DE MATERIA | |
| Término de materia o nombre geográfico como elemento de entrada | Didáctica |
| Fuente del encabezamiento o término | embne |
| 9 (RLIN) | 11880 |
| 650 #4 - PUNTO DE ACCESO ADICIONAL DE MATERIA--TÉRMINO DE MATERIA | |
| Término de materia o nombre geográfico como elemento de entrada | Enseñanza- |
| Subdivisión geográfica | España- |
| Subdivisión cronológica | S.XVI-XVII. |
| 9 (RLIN) | 12287 |
| 700 1# - ENTRADA AGREGADA--NOMBRE PERSONAL | |
| Nombre de persona | Carnicero, José Clemente. |
| 9 (RLIN) | 35380 |
| 852 ## - LOCALIZACIÓN | |
| Ubicación | ES-MaACL |
| Número de control de estantería | R-3193 |
| Encuadernación | Olim:T-1354-F-4 |
| Estatus retirado | Estado de pérdida | Estado de daño | No para préstamo | Colección | Biblioteca de origen | Biblioteca actual | Ubicación en estantería | Fecha de adquisición | Fuente de adquisición | Total de préstamos | Signatura topográfica completa | Código de barras | Visto por última vez | Precio de reemplazo | Tipo de ítem Koha |
|---|---|---|---|---|---|---|---|---|---|---|---|---|---|---|---|
| Libros del s. XIX | Biblioteca del Ateneo de Madrid | Biblioteca del Ateneo de Madrid | Depósito | 17/01/2008 | R-3193 | 1020219 | 23/02/2023 | 23/02/2023 | Libro impreso antiguo |
